[Event "CRO-chT U16 29th"]
[Site "Sesvete"]
[Date "2020.06.20"]
[Round "1.4"]
[White "Radalj, Ante"]
[Black "Cajner, Lukas"]
[Result "0-1"]
[WhiteElo "1303"]
[BlackElo "1397"]
[PlyCount "54"]
[EventDate "2020.06.20"]
[EventType "team-tourn"]
[EventRounds "9"]
[EventCountry "CRO"]
[SourceTitle "EXT 2021"]
[Source "ChessBase"]
[SourceDate "2020.10.23"]
[SourceVersion "1"]
[SourceVersionDate "2020.10.23"]
[SourceQuality "1"]
[WhiteTeam "Sveta Nedelja"]
[BlackTeam "Sesvete Agroproteinka"]
[WhiteTeamCountry "CRO"]
[BlackTeamCountry "CRO"]

1. Nf3 d5 2. d4 Nf6 3. Nc3 Bf5 4. g3 e6 5. a3 Be7 6. Bg2 0-0 7. 0-0 Nbd7 8. Bf4 a6 9. b4 Ne4 10. Nxe4 Bxe4 11. Nd2 Bxg2 12. Kxg2 Re8 13. f3 Bf6 14. c3 e5 15. dxe5 Nxe5 16. e4 Ng6 17. Rc1 Nxf4+ 18. gxf4 c6 19. Nb3 dxe4 20. fxe4 Rxe4 21. Nc5 Re7 22. Qc2 Qd5+ 23. Kg1 Rae8 24. Rcd1 Qh5 25. Qd3 Re2 26. Rf2 Rxf2 27. Kxf2 Qxh2+ 0-1